Stadtteilquiz Leipzig - Statistiken

Allgemein
  • Dieses Quiz wurde 356 mal gespielt
  • Das Durchschnittsergebnis liegt bei 35 aus 63
Antworten auf der Karte
Die Antworten werden auf der Karte rot bzw. grün angezeigt, abhängig davon wie oft sie richtig erraten wurden.
 
Antwortstatistiken
Group Antwort % Korrekt
Süd Connewitz
89%
Mitte Zentrum
88%
Süd Südvorstadt
82%
Mitte Zentrum-Ost
82%
Mitte Zentrum-Süd
82%
Mitte Zentrum-Nord
81%
Mitte Zentrum-West
81%
Alt-West Lindenau
80%
Südwest Plagwitz
80%
Nord Gohlis-Nord
74%
Nord Gohlis-Süd
73%
West Grünau-Nord
73%
Ost Paunsdorf
72%
Südost Reudnitz-Thonberg
69%
Südost Stötteritz
69%
Alt-West Leutzsch
67%
Mitte Zentrum-Südost
67%
Nordost Thekla
66%
Mitte Zentrum-Nordwest
66%
Nordwest Möckern
64%
West Grünau-Ost
63%
Nordwest Wahren
62%
Alt-West Altlindenau
60%
Nord Gohlis-Mitte
60%
Nord Eutritzsch
59%
Ost Engelsdorf
58%
Südwest Knautkleeberg-Knauthain
58%
Süd Lößnig
58%
West Miltitz
58%
Nordost Schönefeld-Abtnaundorf
58%
Alt-West Böhlitz-Ehrenberg
57%
Ost Anger-Crottendorf
56%
Südwest Großzschocher
56%
Südwest Schleußig
56%
West Grünau-Mitte
55%
Südwest Kleinzschocher
54%
West Lausen-Grünau
53%
Südost Probstheida
53%
Südost Meusdorf
52%
Nordost Mockau-Nord
52%
Nordost Mockau-Süd
52%
Nord Wiederitzsch
50%
Süd Dölitz-Dösen
48%
Ost Mölkau
48%
Südost Holzhausen
47%
Südost Liebertwolkwitz
47%
Ost Sellerhausen-Stünz
47%
Alt-West Neulindenau
45%
Ost Neustadt-Neuschönefeld
42%
Ost Heiterblick
41%
Süd Marienbrunn
41%
West Grünau-Siedlung
40%
Nordwest Lützschena-Stahmeln
40%
Ost Volkmarsdorf
37%
Nord Seehausen
36%
Alt-West Burghausen-Rückmarsdorf
35%
Nordwest Lindenthal
34%
Nordost Plaußig-Portitz
32%
Ost Althen-Kleinpösna
31%
Ost Baalsdorf
30%
West Schönau
29%
Südwest Hartmannsdorf-Knautnaundorf
26%
Nordost Schönefeld-Ost
23%
Keine übereinstimmenden Quizze gefunden
Verteilung der Resultate
Anzahl Personen mit jedem Resultat
Perzentil nach korrekt beantworteten Fragen
Ihre Resultats-Entwicklung
Sie haben dieses Quiz noch nicht gespielt